000 01290nam a22003137a 4500
005 20240530110357.0
008 141225s2010 ua g b 000 0 ara d
017 _a2009/7011
_bمصر . دار الكتب المصرية
020 _a9773790721
040 _aEG-CaGPL
041 0 _aara
082 0 4 _221
_a341.77\
_bهـ ع
100 0 _aهانى السبكى
245 1 0 _aعمليات الاتجار بالبشر :
_bدراسة فى ضوء الشريعة الاسلامية و القانون الدولى و بعض التشريعات العربية و الاجنبية /
_cهانى السبكى
246 1 0 _aHuman Trafficking
250 _aط1
260 _aالاسكندرية :
_bدار الفكر الجامعى ،
_c2010
300 _a521 ص ؛
_c24 سم
504 _aيشمل على ارجاعات ببليوجرافية
650 0 4 _aتجارة الاعضاء
650 0 4 _aجرائم ضد الانسانية
650 0 4 _aالجرائم الجنسية
650 0 4 _aالبغاء
650 0 4 _aتجارة الاعضاء
_xقوانين وتشريعات
650 0 4 _aحقوق الاطفال
_xقوانين وتشريعات
650 0 4 _aحقوق المرأة
_xقوانين وتشريعات
942 _2ddc
_cBK
999 _c60193
_d60193